| 000 | 00529nam a2200181 a 4500 | ||
|---|---|---|---|
| 001 | 000016094 | ||
| 005 | 20200929164254.0 | ||
| 008 | 100225s2009 dr 001 0 spa d | ||
| 082 |
_axxx _bB588s |
||
| 245 | 0 | 0 | _aBienaventurados seréis si las hiciereis /. |
| 260 |
_aLa Romana : _bCañaveral, _c2009. |
||
| 300 |
_a124 p. ; _c20 cm. |
||
| 504 | _aIncluye bibliografías [p.124] | ||
| 590 | _aLa bilioteca posee 3 ejemplares autografiados por el autor | ||
| 049 |
_aBNPHU _bspa _cBNPHU |
||
| 049 | _aBNPD | ||
| 999 |
_c15635 _d15635 |
||
| 040 | _aDO-SdBNP | ||